000 00432nam a2200169 a 4500
001 0000-9250
003 ELIB.Books
008 110520 1977
035 _a(ELIB.Books)0000-9402
082 _a232
_bCol
100 _aCollins, Gerald O.
245 _aWhat are they Saying about Jesus?
260 _bNew York: Paulist Press
_c1977
650 _aJesus Christ
942 _2ddc
_cBK
998 _cbat
_e2011-05-20
999 _c9250
_d9250